000 00269nam a2200121Ia 4500
008 190216s9999||||xx |||||||||||||| ||und||
100 _aKarl Max
245 0 _a"Capital Vol Ii,Iii"
260 _bPregress Pub
_c1967
300 _a551p
650 _aEconomics
942 _cBK
999 _c9163
_d9163